000 00457nam a2200169 a 4500
005 20260304113224.0
008 260302s2006##################000#0#eng##
020 _a9781403964427
_qhbk
082 0 4 _a327
_bWEL
100 _aWellman
245 1 0 _aSustainable Diplomacy: Ecology, Religion and Ethics in Muslim-Christian Relation
_c/David joseph Wellman
260 _c2006.
300 _a364 pages
504 _aindex
650 0 _aEcology
942 _cREF
999 _c616502
_d616502